00605nam a22001817a 450000500170000001000150001702000260003203500140005803700140007208200100008610000180009624501060011426000440022027000740026430000280033850000380036670000190040420180419100343.0 aENG-122517 a9788171393886c900.00 aEN-106049 bDBAD/PUB. a660.6 aAzharul Haque aBiotechnology, genetic manipulation biosafety and cbd /cby Mohd. Azharul Haque [and] H. Rocky Singh aNew DelhibJnanada Pekashan (P&D)c2016 a4837/2, 24, Ansari Road, Daryaganj,bNew Delhie110003k011-23272047 a317p.bill. c21cm.(Hb) aIncludes bibliography [and] index dH. Rocky Singh